[Event "POL-chT Ekstraliga 2018"]
[Site "Gorzow"]
[Date "2018.06.08"]
[Round "1"]
[White "Flis, Jacek"]
[Black "Wcislo, Damian"]
[Result "1-0"]
[WhiteElo "2242"]
[BlackElo "2399"]
[Annotator "NA"]
[PlyCount "61"]
[EventDate "2018.06.08"]
[EventType "team-tourn"]
[EventCountry "POL"]
[SourceTitle "playchess.com"]
[Source "ChessBase"]
[SourceQuality "1"]
[TimeControl "40/5400+30:1800+30"]

1. e4 {[%emt 0:00:00]} c5 {[%emt 0:00:05]} 2. Nf3 {[%emt 0:00:00]} Nc6 {[%emt 0:00:06]} 3. Bb5 {[%emt 0:00:08]} e6 {[%emt 0:00:06]} 4. O-O {[%emt 0:00:28]} Nge7 {[%emt 0:00:11]} 5. b3 {[%emt 0:01:11]} a6 {[%emt 0:01:53]} 6. Bxc6 {[%emt 0:01:01]} Nxc6 {[%emt 0:00:44]} 7. Bb2 {[%emt 0:00:16]} d6 {[%emt 0:02:23]} 8. d4 {[%emt 0:03:12]} cxd4 {[%emt 0:00:38]} 9. Nxd4 {[%emt 0:01:10]} Nxd4 {[%emt 0:02:20]} 10. Qxd4 {[%emt 0:01:28]} e5 {[%emt 0:07:03]} 11. Qd3 {[%emt 0:03:09]} Be7 {[%emt 0:00:39]} 12. c4 {[%emt 0:10:21]} O-O {[%emt 0:00:33]} 13. Nc3 {[%emt 0:01:20]} Rb8 {[%emt 0:05:26]} 14. Nd5 {[%emt 0:02:25]} b5 {[%emt 0:28:38]} 15. c5 {[%emt 0:05:31]} Bg5 {[%emt 0:15:37]} 16. Rad1 {[%emt 0:28:26]} Bb7 {[%emt 0:08:25]} 17. Qg3 {[%emt 0:03:36]} f6 {[%emt 0:01:40]} 18. f4 {[%emt 0:12:40]} exf4 {[%emt 0:00:08]} 19. Nxf4 {[%emt 0:00:38]} Re8 {[%emt 0:11:24]} 20. Rxd6 {[%emt 0:01:44]} Qc8 {[%emt 0:00:51]} 21. b4 {[%emt 0:03:49]} Bxe4 {[%emt 0:05:19]} 22. h4 {[%emt 0:02:06]} Bxf4 {[%emt 0:01:08]} 23. Rxf4 {[%emt 0:00:12]} Bg6 {[%emt 0:01:21]} 24. h5 {[%emt 0:04:30]} Bxh5 {[%emt 0:00:13]} 25. Rdxf6 {[%emt 0:02:42]} Re7 {[%emt 0:02:42]} 26. Bd4 {[%emt 0:07:42]} Bg6 {[%emt 0:00:19]} 27. Qb3+ {[%emt 0:00:21]} Kh8 {[%emt 0:00:16]} 28. Rxg6 {[%emt 0:00:12]} Qc7 {[%emt 0:00:59]} 29. Rd6 {[%emt 0:01:09]} Re1+ {[%emt 0:00:17]} 30. Kh2 {[%emt 0:00:24]} Qe7 {[%emt 0:00:08]} 31. Qg3 {[%emt 0:00:21]} 1-0

[Event "POL-chT Ekstraliga 2018"]
[Site "Gorzow"]
[Date "2018.06.08"]
[Round "1"]
[White "Leks, Maria"]
[Black "Przezdziecka, Ewa"]
[Result "0-1"]
[WhiteElo "2145"]
[BlackElo "2165"]
[Annotator "NA"]
[PlyCount "84"]
[EventDate "2018.06.08"]
[EventType "team-tourn"]
[EventCountry "POL"]
[SourceTitle "playchess.com"]
[Source "ChessBase"]
[SourceQuality "1"]
[TimeControl "40/5400+30:1800+30"]

1. e4 {[%emt 0:00:44]} c5 {[%emt 0:00:10]} 2. Nf3 {[%emt 0:00:15]} Nc6 {[%emt 0:00:16]} 3. Bb5 {[%emt 0:00:17]} d6 {[%emt 0:00:54]} 4. O-O {[%emt 0:00:12]} Bd7 {[%emt 0:00:08]} 5. Re1 {[%emt 0:00:13]} a6 {[%emt 0:03:01]} 6. Bf1 {[%emt 0:00:21]} Bg4 {[%emt 0:01:01]} 7. c3 {[%emt 0:01:18]} Nf6 {[%emt 0:02:23]} 8. h3 {[%emt 0:02:50]} Bh5 {[%emt 0:01:54]} 9. g4 {[%emt 0:03:04]} Bg6 {[%emt 0:00:42]} 10. d3 {[%emt 0:00:05]} e5 {[%emt 0:06:49]} 11. Bg2 {[%emt 0:21:12]} Be7 {[%emt 0:04:51]} 12. Nh4 {[%emt 0:02:57]} Nd7 {[%emt 0:06:21]} 13. Nf5 {[%emt 0:03:24]} Bxf5 {[%emt 0:10:13]} 14. exf5 {[%emt 0:00:38]} h5 {[%emt 0:06:03]} 15. Nd2 {[%emt 0:09:19]} hxg4 {[%emt 0:06:00]} 16. hxg4 {[%emt 0:00:42]} Qc7 {[%emt 0:06:04]} 17. a3 {[%emt 0:10:41]} g6 {[%emt 0:14:09]} 18. fxg6 {[%emt 0:11:52]} fxg6 {[%emt 0:00:33]} 19. Nf1 {[%emt 0:08:02]} O-O-O {[%emt 0:03:46]} 20. b4 {[%emt 0:02:15]} Nf6 {[%emt 0:12:31]} 21. g5 {[%emt 0:08:38]} Nh5 {[%emt 0:03:30]} 22. a4 {[%emt 0:00:12]} cxb4 {[%emt 0:04:10]} 23. cxb4 {[%emt 0:00:05]} Nd4 {[%emt 0:01:31]} 24. Be3 {[%emt 0:01:13]} Kb8 {[%emt 0:00:56]} 25. b5 {[%emt 0:05:14]} a5 {[%emt 0:01:40]} 26. b6 {[%emt 0:03:17]} Qd7 {[%emt 0:02:55]} 27. Bxd4 {[%emt 0:00:05]} Nf4 {[%emt 0:00:49]} 28. Qf3 {[%emt 0:04:10]} Nxg2 {[%emt 0:00:22]} 29. Qxg2 {[%emt 0:00:16]} exd4 {[%emt 0:00:07]} 30. Ng3 {[%emt 0:00:52]} d5 {[%emt 0:00:59]} 31. Rac1 {[%emt 0:00:30]} Rc8 {[%emt 0:00:17]} 32. Rxc8+ {[%emt 0:00:31]} Rxc8 {[%emt 0:00:02]} 33. Ne2 {[%emt 0:00:10]} Qxa4 {[%emt 0:01:16]} 34. Qg3+ {[%emt 0:00:10]} Ka8 {[%emt 0:00:17]} 35. Qg4 {[%emt 0:00:10]} Rf8 {[%emt 0:00:35]} 36. Qxd4 {[%emt 0:01:13]} Qxd4 {[%emt 0:00:14]} 37. Nxd4 {[%emt 0:00:04]} Bc5 {[%emt 0:00:32]} 38. Ne6 {[%emt 0:01:06]} Bxf2+ {[%emt 0:00:02]} 39. Kf1 {[%emt 0:00:12]} Bxe1+ {[%emt 0:00:23]} 40. Nxf8 {[%emt 0:00:00]} a4 {[%emt 0:01:24]} 41. Nxg6 {[%emt 0:07:47]} a3 {[%emt 0:02:17]} 42. Ne5 {[%emt 0:00:05]} Bc3 {[%emt 0:02:26]} 0-1

[Event "POL-chT Ekstraliga 2018"]
[Site "Gorzow"]
[Date "2018.06.08"]
[Round "1"]
[White "Sliwerski, Radoslaw"]
[Black "Kanarek, Marcel"]
[Result "0-1"]
[WhiteElo "2006"]
[BlackElo "2505"]
[Annotator "TA"]
[PlyCount "88"]
[EventDate "2018.06.08"]
[EventType "team-tourn"]
[EventCountry "POL"]
[SourceTitle "playchess.com"]
[Source "ChessBase"]
[SourceQuality "1"]

{[%evp 11,88,23,43,10,12,17,12,22,13,-18,-15,-17,-18,-25,-23,-30,-23,-31,-25,-44,-44,-43,-43,-39,-36,-44,-6,-20,0,-8,-8,-8,-8,-20,-5,-9,0,0,5,0,0,0,0,0,0,0,0,-16,13,10,29,21,21,0,0,0,0,0,0,0,0,0,0,0,0,0,0,-13,-13,-13,-13,-1140,-1106,-1139,-1118,-886,-1037,-962,-893]} 1. d4 Nf6 2. c4 g6 3. Nf3 Bg7 4. g3 O-O 5. Bg2 d6 6. Nc3 c6 7. b3 {E62: King's Indian: Fianchetto: 6...c6 and Panno Variation (6...Nc6) without ...a6} (7. O-O Bf5 8. Ne1 Be6 9. d5 cxd5 10. cxd5 Bd7 11. Be3 a5 12. Bd4 Na6 13. Nd3 b5 14. a3 b4 15. axb4 Nxb4 16. Qd2 Rb8 17. Nxb4 Rxb4 {0-1 (57) Ding,L (2774)-Carlsen,M (2837) Saint Louis 2017}) 7... e5 8. dxe5 dxe5 {Black wants to play ...e4.} 9. Qxd8 {The position is equal.} ({Wrong is} 9. Nxe5 $2 Qa5 $19) 9... Rxd8 10. e4 $146 ({Predecessor:} 10. Bb2 e4 11. Nd2 e3 12. fxe3 Ng4 13. Nf1 Re8 14. e4 Nd7 15. h3 Ngf6 16. O-O-O Nc5 17. Nd2 Nh5 18. Nf1 Nf6 19. Nd2 {½-½ (19) Efimov,I (2477)-Tomescu,V (2412) Lido Estensi 2003}) 10... Bg4 11. Be3 Na6 12. O-O Bxf3 13. Bxf3 Bf8 14. Rfd1 Bc5 15. Bg5 Kg7 16. Rxd8 Rxd8 17. Rd1 Rxd1+ 18. Bxd1 Nb4 19. Kg2 Nd7 20. Bg4 Bd4 {And now ...f5 would win.} 21. Bxd7 {[#] Bd2 is the strong threat.} Bxc3 $11 {[%mdl 4096] Endgame KBB-KBN} 22. a3 Nc2 23. Be7 Bb2 24. Bc5 Na1 25. b4 Bxa3 {aiming for ...a5!} 26. Bxa7 Bxb4 27. Bc8 Nb3 28. Bxb7 Na5 29. Ba6 c5 30. Bb6 Nb3 31. Bb7 Ba5 32. Bxa5 Nxa5 {KB-KN} 33. Bd5 Nb3 34. f4 f6 35. fxe5 fxe5 36. h4 Kf6 37. Kf3 Nd4+ 38. Ke3 h6 39. g4 g5 40. h5 Ke7 41. Kd3 $2 {[%mdl 8192] [#]} (41. Bg8 $11) 41... Nf3 $1 $19 {[%cal Rf3h2] Black is clearly winning.} 42. Bg8 Nh2 43. Bh7 Nxg4 44. Bg6 Kd6 {Precision: White = 47%, Black = 75%.} 0-1

[Event "POL-chT Ekstraliga 2018"]
[Site "Gorzow"]
[Date "2018.06.09"]
[Round "2"]
[White "Wojtaszek, Radoslaw"]
[Black "Tomczak, Jacek"]
[Result "1/2-1/2"]
[WhiteElo "2730"]
[BlackElo "2598"]
[Annotator "TA"]
[PlyCount "56"]
[EventDate "2018.06.08"]
[EventType "team-tourn"]
[EventCountry "POL"]
[SourceTitle "playchess.com"]
[Source "ChessBase"]
[SourceQuality "1"]

{[%evp 17,56,9,9,8,10,-14,-7,-7,-1,-5,-6,-4,0,0,0,-11,-10,-6,0,0,0,0,0,0,0,0,0,0,0,0,0,0,0,0,0,0,0,0,0,0,0]} 1. d4 Nf6 2. c4 g6 3. g3 Bg7 4. Bg2 c5 5. Nf3 O-O 6. Nc3 d5 7. cxd5 Nxd5 8. Nxd5 Qxd5 9. O-O cxd4 {The position is equal.} 10. Be3 $1 {[%cal Rf3d4] A34: Symmetrical English: 2 Nc3, lines with ...d5} Qb5 (10... Nc6 11. Nxd4 Qc4 12. Nxc6 bxc6 13. Qb3 Be6 14. Qxc4 Bxc4 15. Rac1 Bxa2 16. Bxc6 Rab8 17. Bxa7 {½-½ (17) Svidler,P (2747)-Anand,V (2786) Zuerich 2017}) 11. Bxd4 (11. Nxd4 {is interesting.} Qxb2 12. Qa4 Bd7 13. Qc4 Nc6 14. Rab1) 11... Nc6 $146 {[#] Strongly threatening ...Rd8.} ({Predecessor:} 11... Rd8 12. Qc2 e5 13. Bc3 Nc6 14. Rfd1 Bf5 15. e4 Bg4 16. Rxd8+ Rxd8 17. Rd1 Nd4 18. Nxd4 Bxd1 19. Qxd1 exd4 20. b3 Qc5 21. Bb2 d3 22. Bxg7 {0-1 (22) Peczeli,Z (2007)-Deak,S (2318) Hungary 2014}) 12. Bxg7 Kxg7 13. Nd4 Qxb2 14. Nxc6 bxc6 15. Bxc6 Rb8 16. Qa4 Bh3 17. Bg2 Bxg2 18. Kxg2 Qb7+ 19. Kg1 Rfd8 20. Rfd1 Rbc8 21. Rxd8 Rxd8 22. Rd1 Rxd1+ 23. Qxd1 $11 {[%mdl 4096] Endgame KQ-KQ} h5 24. Qd4+ Kg8 25. Qd8+ Kg7 26. Qd4+ Kg8 27. Qd8+ Kg7 28. Qd4+ Kg8 {Precision: White = 83%, Black = 88%.} 1/2-1/2

[Event "POL-chT Ekstraliga 2018"]
[Site "Gorzow"]
[Date "2018.06.09"]
[Round "2"]
[White "Piorun, Kacper"]
[Black "Kuzmicz, Krystian"]
[Result "1/2-1/2"]
[WhiteElo "2631"]
[BlackElo "2460"]
[Annotator "TA"]
[PlyCount "110"]
[EventDate "2018.06.08"]
[EventType "team-tourn"]
[EventCountry "POL"]
[SourceTitle "playchess.com"]
[Source "ChessBase"]
[SourceQuality "1"]

{[%evp 13,110,43,49,22,39,33,52,52,63,20,17,8,15,0,14,-10,-7,0,0,0,0,0,0,0,0,-16,-22,-18,0,-9,0,-14,20,0,30,28,20,27,29,-114,-118,-94,-106,-116,-118,-131,-104,-118,-109,-123,-120,-119,-103,-181,-192,-212,-208,-183,0,0,0,0,0,0,0,0,35,0,0,0,0,0,25,35,117,84,70,51,138,0,0,0,0,0,0,0,0,0,0,0,0,0,0,0,0,0,0,0,0]} 1. e4 e5 2. Nf3 Nf6 3. Nxe5 d6 4. Nf3 Nxe4 5. c4 c6 6. Nc3 {C42: Russische Verteidigung (Petrow)} Nf6 7. d4 Be7 {LiveBook: 5 Partien} 8. h3 {Weiß steht etwas besser.} Bf5 $146 ({Vorgänger:} 8... d5 9. Bd3 O-O 10. O-O dxc4 11. Bxc4 Nbd7 12. Re1 Nb6 13. Bb3 Nfd5 14. Bc2 Bf6 15. a3 Be6 16. Ne5 g6 17. Ne4 Bg7 18. Bg5 Qc7 19. Bh4 Rae8 20. Nc5 Nd7 21. Bg3 Bxe5 22. Bxe5 {½-½ (22) Movsesian,S (2751)-Wang,Y (2739) Wijk aan Zee 2009}) 9. Be2 h6 10. O-O O-O 11. Nh4 Be6 12. Bd3 d5 13. cxd5 Nxd5 14. Nf3 Nd7 15. Re1 N7f6 16. a3 Re8 17. Ne5 Qb6 18. Nc4 Qc7 19. Rxe6 fxe6 20. Bg6 $1 Rf8 21. Qe2 Qd7 22. Ne5 Qd6 23. Bd2 Rad8 24. Bc2 Nxc3 25. bxc3 c5 26. Bxh6 (26. Rb1 $11 b6 27. Ng6) 26... gxh6 $17 27. Qd3 {[#]} Rf7 $1 {[%cal Rf7g7]} 28. Nxf7 Kxf7 29. Qg6+ Kf8 {zielt auf ...Df4 ab.} 30. Qxh6+ Ke8 31. Re1 cxd4 32. cxd4 Qd5 33. Re5 {[#]} (33. g4 $17) 33... Qc4 $1 $19 {[%cal Rc4c2]} ({Auf keinen Fall} 33... Qxd4 34. Rxe6 Qa1+ 35. Kh2 $17) 34. Qg6+ Kd7 35. d5 {beabsichtigt Df7.} Nxd5 $2 ({Besser ist} 35... Kc7 $19 36. dxe6 Rd2) 36. Qxe6+ $11 Kc7 {[#]} 37. Rxd5 $1 {[%mdl 512]} Qxd5 38. Qxe7+ {[%mdl 4096] Endspiel KDT-KDL} Rd7 39. Qe3 a5 40. h4 Qd4 41. Qg3+ Kb6 42. h5 Rd5 {Droht ...Da1+ und aus.} 43. Bg6 Rc5 (43... Qd1+ $1 $14 44. Kh2 Rxh5+ 45. Bxh5 Qxh5+ 46. Qh3 Qe5+ 47. g3 Qf6) 44. h6 Rc3 45. Qg5 {h7 ist eine echte Drohung.} Rxa3 {[#]} (45... Qd1+ $1 $14 46. Kh2 Qd6+ 47. f4 Rc4) 46. h7 ({Weiss braucht} 46. Bf5 $1 $16) 46... Ra1+ $1 {Die Stellung ist ausgeglichen.} 47. Kh2 Qxf2 48. Qd8+ Ka7 49. h8=Q Qf4+ 50. g3 Qf2+ 51. Kh3 {Droht Matt per Db8+.} Rh1+ 52. Kg4 {[%cal Rd8a5]} Qe2+ 53. Kg5 {jetzt Dhd4+ und aus.} Qe3+ 54. Kg4 {[%cal Rd8a5]} Qe2+ 55. Kg5 {Weiss will mit Dhd4+ Matt setzen.} Qe3+ {Precision: Weiß = 55%, Schwarz = 53%.} 1/2-1/2

[Event "POL-chT Ekstraliga 2018"]
[Site "Gorzow"]
[Date "2018.06.09"]
[Round "2"]
[White "Miton, Kamil"]
[Black "Olszewski, Michal"]
[Result "0-1"]
[WhiteElo "2604"]
[BlackElo "2529"]
[Annotator "TA"]
[PlyCount "50"]
[EventDate "2018.06.08"]
[EventType "team-tourn"]
[EventCountry "POL"]
[SourceTitle "playchess.com"]
[Source "ChessBase"]
[SourceQuality "1"]

{[%evp 20,50,0,0,0,-37,0,0,21,0,1,-13,0,0,0,-10,-2,-32,-33,-54,-69,-72,-60,-98,-74,-375,-358,-608,-607,-614,-627,-611,-117]} 1. d4 Nf6 2. Bg5 e6 3. e4 h6 4. Bxf6 Qxf6 5. c3 d6 6. Bd3 e5 {A45: Damenbauernspiele (Trompowski-Angriff)} (6... g6 7. Ne2 Bg7 8. O-O O-O 9. f4 Qe7 10. e5 b6 11. Nd2 Bb7 12. Be4 Bxe4 13. Nxe4 Rd8 14. Qe1 {0-1 (62) Moiseenko,A (2667)-Wang,Y (2690) Riadh 2017}) 7. Ne2 g6 8. O-O Bg7 9. f4 {[%cal Bf2f4,Bf4f5][%mdl 32]} Qe7 10. f5 O-O 11. Nd2 {LiveBook: 8 Partien} Nd7 12. Qb3 Kh7 13. Rae1 Nf6 $146 (13... Rb8 {seems wilder.} 14. Nc4 b5 15. Na5 Rb6 16. a4 Qg5) ({Vorgänger:} 13... c6 14. Nc4 {0-1 (42) Pert,R (2454)-Hunt,H (2450) England 2013}) 14. Kh1 b6 15. Ng1 g5 16. Nc4 g4 17. Ne3 c6 18. Qd1 h5 $1 19. Ne2 Bh6 20. Nc1 Rg8 $36 {[%mdl 2048] Schwarz steht aktiver.} 21. Bc2 Ba6 22. Rg1 $2 {[%mdl 8192]} (22. Bd3 $17 {leistet mehr Widerstand.} Bb7 23. Nb3) 22... g3 $19 23. h3 $2 (23. dxe5 dxe5 24. Nd3) 23... Bxe3 {Schwarz steht klar auf Gewinn.} 24. Rxe3 {[#]} Ng4 $1 {[%cal Rg4f2][%mdl 512]} 25. Rf3 (25. hxg4 Qh4#) 25... Nf2+ {Precision: Weiß = 37%, Schwarz = 85%.} 0-1

[Event "POL-chT Ekstraliga 2018"]
[Site "Gorzow"]
[Date "2018.06.09"]
[Round "2"]
[White "Bartel, Mateusz"]
[Black "Nasuta, Grzegorz"]
[Result "1/2-1/2"]
[WhiteElo "2602"]
[BlackElo "2490"]
[Annotator "TA"]
[PlyCount "71"]
[EventDate "2018.06.08"]
[EventType "team-tourn"]
[EventCountry "POL"]
[SourceTitle "playchess.com"]
[Source "ChessBase"]
[SourceQuality "1"]

{[%evp 13,71,32,26,23,28,33,20,20,36,21,29,0,38,25,39,2,52,51,75,40,38,33,36,26,0,-24,-24,-24,-24,-24,-20,-28,0,-49,0,-29,-16,-25,-25,-62,-7,-11,0,0,0,0,0,0,0,0,0,0,0,0,0,0,0,0,0,0]} 1. e4 e5 2. Nf3 Nc6 3. Bb5 a6 4. Ba4 Nf6 5. d3 d6 6. c3 g6 7. O-O Bg7 8. Be3 {C77: Ruy Lopez: 3...a6 4 Ba4 Nf6, unusual lines} O-O 9. Nbd2 {[%cal Bb1d2,Bd2b3,Bb3c5][%mdl 32]} Re8 10. h3 h6 11. b4 $146 ({Predecessor:} 11. Re1 d5 12. Bxc6 bxc6 13. Qa4 Bd7 14. Qc2 Nh5 15. d4 f5 16. exf5 {½-½ (69) Nisipeanu,L (2687)-Sevian,S (2620) Tbilisi 2017}) 11... d5 12. Qb1 b5 13. Bc2 Be6 14. Nb3 Nd7 15. a4 Qb8 16. d4 bxa4 17. Rxa4 Nb6 18. Nc5 exd4 19. cxd4 dxe4 20. Bxe4 Nxa4 21. Bxc6 Nxc5 22. dxc5 Rd8 23. Qe4 Qc8 24. Bxa8 Qxa8 25. Qf4 Qb7 26. Rc1 Bd5 (26... g5 $15 27. Qg3 Rd5) 27. Bd4 $11 {The position is equal.} Qxb4 {[#] ...Bxf3 is the strong threat.} 28. Qxc7 Qb8 29. Qa5 {Black must now prevent c6.} Bxf3 30. Bxg7 Kxg7 31. Qc3+ Kg8 $1 {[#] Threatens to win with ...Bc6.} 32. Qxf3 Qb2 33. Re1 Kg7 34. c6 Rc8 35. Qd5 Qc3 36. Re7 {Precision: White = 44%, Black = 51%.} 1/2-1/2

[Event "POL-chT Ekstraliga 2018"]
[Site "Gorzow"]
[Date "2018.06.09"]
[Round "2"]
[White "Dragun, Kamil"]
[Black "Butkiewicz, Lukasz"]
[Result "1-0"]
[WhiteElo "2601"]
[BlackElo "2449"]
[Annotator "TA"]
[PlyCount "133"]
[EventDate "2018.06.08"]
[EventType "team-tourn"]
[EventCountry "POL"]
[SourceTitle "playchess.com"]
[Source "ChessBase"]
[SourceQuality "1"]

{[%evp 29,133,47,46,49,54,39,53,52,56,54,83,60,94,79,94,77,99,106,109,110,156,154,142,110,326,300,377,180,184,175,182,176,186,184,182,178,189,192,143,137,201,168,176,177,193,182,182,137,131,107,107,107,107,107,107,107,110,108,122,107,151,147,160,141,157,109,138,138,197,206,201,203,199,197,231,223,250,250,250,236,262,262,262,272,394,394,289,289,443,443,401,331,568,333,29973,29974,29974,29974,29975,29976,29975,29975,29975,29975,29981,29983]} 1. c4 c5 2. Nf3 Nc6 3. d4 cxd4 4. Nxd4 g6 5. e4 Bg7 6. Be3 d6 7. Nc3 Nf6 8. Be2 O-O 9. O-O Bd7 10. Qd2 Nxd4 11. Bxd4 Bc6 12. f3 a5 13. b3 Nd7 14. Bf2 {B38: Sizilianisch (Maroczy-Aufbau)} (14. Be3 Nc5 15. Rab1 Qb6 16. Rfc1 Rfc8 17. Bf1 Qb4 18. Qb2 Qb6 19. Kh1 Qd8 20. Qd2 e6 21. Bg5 Qf8 22. Rd1 h6 23. Be3 Rd8 24. a3 Nd7 25. b4 axb4 26. axb4 {0-1 (41) Wang,H (2690)-Bu,X (2713) China 2017}) 14... Nc5 15. Rac1 Qb6 {LiveBook: 5 Partien} 16. Nb5 {Weiß steht etwas besser.} Rfc8 {[#]} 17. Rfe1 $146 ({Vorgänger:} 17. Rfd1 Qd8 18. Nd4 h5 19. Rb1 Kh7 20. Be3 Qf8 21. a3 Bh6 {1-0 (51) Shariyazdanov,A (2514)-Solovjev,N (2298) Khanty-Mansiysk 2016}) 17... Qd8 18. Bf1 Ne6 19. Nc3 Qf8 20. g3 Bf6 21. f4 Qg7 22. Nd5 Bxd5 23. cxd5 Nf8 {Droht ...Lc3.} 24. Red1 Rc3 25. Rxc3 Bxc3 26. Qd3 {Und Db5 würde nun gewinnen.} a4 $2 {[#]} (26... Bb4 $16 {kämpft weiter.}) 27. e5 $1 $18 {[%mdl 512]} Ba5 (27... dxe5 28. Qxc3) 28. exd6 (28. Qb5 $142) 28... exd6 29. Bd4 f6 30. bxa4 Bd8 31. Qb3 Qe7 32. Bf2 Ba5 33. Rb1 b6 34. Qc4 Ra7 (34... Nd7 $16 35. Qc6 Rd8) 35. Rb3 Rc7 36. Qb5 Rc2 37. Re3 Qf7 38. Re2 Rxe2 39. Bxe2 Qe7 40. Bf1 (40. Qc4 {looks sharper.} Nd7 41. Qc8+ Kg7 42. Bg4 f5 43. Be2) 40... Nd7 41. Qe2 Qxe2 42. Bxe2 $16 {[%mdl 4096] Endspiel KLL-KLS} Nc5 43. Bd1 Kf7 44. Bc2 Ke7 45. Kg2 Nd7 46. Kf3 Bb4 47. Ke4 Bc5 48. Be1 Bg1 (48... f5+ $16 {war einen Versuch wert.} 49. Kf3 Nf6) 49. Kf3 $18 f5 50. a5 bxa5 51. Bxa5 Nf6 {[#]} 52. Bb3 $1 Ne4 53. h3 {[%cal Bh2h3,Bh3g4,Bg4g5][%mdl 32]} h5 54. Be1 Bd4 55. g4 hxg4+ 56. hxg4 Nf6 (56... Nc5 {war nötig.} 57. Bc2 fxg4+ 58. Kxg4 Nd7) 57. g5 Ne4 58. a4 {[%cal Ba2a4,Ba4a5,Ba5a6][%mdl 32]} Ba7 (58... Nc5 $142) 59. a5 Nc5 60. Bc2 Kd7 $2 (60... Na6 {ist wohl besser.} 61. Bb3 Bc5) 61. Bf2 Bb8 $2 (61... Ke8 $18 62. Bd1 Bb8) 62. Bxc5 {Weiß setzt Matt.} dxc5 63. a6 c4 {[#]} 64. Bxf5+ $1 {[%mdl 512]} gxf5 65. g6 c3 66. Ke2 ({Nicht} 66. g7 c2 $16) 66... Bxf4 67. Kd3 {Precision: Weiß = 70%, Schwarz = 37%.} 1-0

[Event "POL-chT Ekstraliga 2018"]
[Site "Gorzow"]
[Date "2018.06.09"]
[Round "2"]
[White "Moranda, Wojciech"]
[Black "Antoniewski, Rafal"]
[Result "1/2-1/2"]
[WhiteElo "2601"]
[BlackElo "2521"]
[Annotator "TA"]
[PlyCount "47"]
[EventDate "2018.06.08"]
[EventType "team-tourn"]
[EventCountry "POL"]
[SourceTitle "playchess.com"]
[Source "ChessBase"]
[SourceQuality "1"]

{[%evp 17,47,14,19,19,19,17,13,15,14,19,19,18,28,29,27,9,34,27,28,9,9,10,10,10,10,10,10,0,17,0,19,0]} 1. d4 Nf6 2. c4 e6 3. Nf3 b6 4. a3 Bb7 5. Nc3 d5 6. Bg5 Be7 7. Qa4+ Qd7 8. Qc2 {E12: Queen's Indian: Unusual White 4th moves, 4 a3, 4 Nc3 Bb7 5 a3 and 4 Nc3 Bb7} dxc4 9. e3 Nd5 {LiveBook: 3 Games} 10. Ne5 Qd8 11. Bxe7 Qxe7 12. Bxc4 Nxc3 13. Qxc3 O-O 14. O-O Nd7 15. Nxd7 Qxd7 {[#]} 16. Rfc1 $146 (16. Rfd1 {looks sharper.} Rfd8 17. Be2 Qe7 18. Rac1 Rdc8 19. Qd3) 16... a5 17. Bf1 Rfc8 18. b4 axb4 {The position is equal.} 19. axb4 Rxa1 20. Rxa1 Ra8 21. Rc1 Rc8 22. Ra1 Ra8 23. Rc1 Rc8 24. Ra1 {Precision: White = 38%, Black = 70%.} 1/2-1/2

[Event "POL-chT Ekstraliga 2018"]
[Site "Gorzow"]
[Date "2018.06.09"]
[Round "2"]
[White "Mista, Aleksander"]
[Black "Klekowski, Maciej"]
[Result "1-0"]
[WhiteElo "2599"]
[BlackElo "2509"]
[Annotator "TA"]
[PlyCount "150"]
[EventDate "2018.06.08"]
[EventType "team-tourn"]
[EventCountry "POL"]
[SourceTitle "playchess.com"]
[Source "ChessBase"]
[SourceQuality "1"]

{[%evp 18,150,34,31,23,28,29,16,18,-7,0,0,-14,-1,0,-10,0,-4,0,0,0,0,0,0,0,0,-10,-12,-3,-12,-18,-24,-20,-34,0,0,0,0,0,0,0,0,0,0,0,0,0,0,0,0,0,0,0,0,0,0,0,0,0,0,0,0,0,0,0,0,0,0,0,1,22,0,0,0,0,0,45,0,30,17,56,65,63,2,178,75,66,66,238,238,386,381,381,389,591,587,559,250,596,569,518,585,554,560,549,528,762,767,734,638,842,814,2310,1799,6029,6111,4682,5057,2460,2660,29978,29979,29983,29962,29978,29979,29979,29980,29977,29978,29987,29980,29980,29981,29979]} 1. e4 e5 2. Nf3 Nc6 3. Bb5 Nf6 4. d3 Bc5 5. c3 O-O 6. Bg5 h6 7. Bh4 g5 8. Bg3 d6 9. O-O Bg4 10. Nbd2 {LiveBook: 7 Games} Nh5 {C65: Ruy Lopez: Berlin Defence (3...Nf6), unusual lines and 4 0-0 Bc5} 11. Kh1 (11. Bxc6 bxc6 12. Qa4 Nxg3 13. hxg3 Qe8 14. d4 Bb6 15. Rfe1 exd4 16. Nxd4 c5 17. Qxe8 Rfxe8 18. Nf5 Bxf5 19. exf5 {½-½ (31) Smirin,I (2685)-Pridorozhni,A (2579) St Petersburg 2016}) 11... Qf6 12. Bxc6 $146 ({Predecessor:} 12. Qe1 Ne7 13. h3 Be6 14. Qe2 Ng6 15. Nh2 Nhf4 16. Bxf4 Nxf4 17. Qf3 c6 18. Ba4 Kg7 19. Bb3 Qg6 20. Bxe6 fxe6 21. Nb3 Nh5 22. Qe2 Rxf2 23. Qg4 Bb6 24. Rxf2 Bxf2 {0-1 (24) Tong,L-Van Hoolandt,P (2098) Budapest 2000}) 12... bxc6 {The position is equal.} 13. Qa4 Bd7 14. d4 exd4 15. e5 Qe6 16. cxd4 Bb6 17. Rae1 {Black should prevent exd6.} Qd5 18. Ne4 {[%cal Re5d6]} f5 19. Nc3 Qf7 20. exd6 {Black must now prevent Re7.} Nxg3+ 21. fxg3 {And now Re7 would win.} cxd6 22. Qa3 Qf6 23. d5 c5 24. Qa6 Rae8 25. a4 Qd8 26. Nd2 Rxe1 27. Rxe1 Re8 28. Rf1 Bc8 29. Qd3 Qf6 30. Qb5 Qe7 31. Nc4 Bc7 32. h3 Rf8 33. Qb3 a6 34. Qc2 Kg7 35. Nd1 Bd7 36. b3 Qf6 37. Nde3 Qg6 38. Qb2+ Qf6 {Threatening ...Qxb2.} 39. Qe2 Qc3 40. Rf3 {aiming for Nxf5+!} Qa1+ 41. Kh2 Qd4 42. Qf1 {[%cal Re3f5]} Qe4 43. Nd2 $36 {[%mdl 2048] White has some pressure.} Qd4 44. Ndc4 {[%cal Re3f5]} Qe4 45. Qa1+ Kg8 46. Nd2 Qe7 47. Qb1 {[%cal Re3f5]} Qf6 48. Qf1 Qe5 49. Qxa6 {Hoping for Qb7.} f4 50. Qf1 ({White should try} 50. Ndc4 $14 fxg3+ 51. Rxg3) 50... Qb2 $2 (50... fxg3+ $1 $11 51. Kh1 Rf4) 51. Nec4 (51. Ndc4 $18 {is more deadly.} fxg3+ 52. Kxg3 Rxf3+ 53. Qxf3) 51... Qd4 $16 52. Qd3 Qf6 $2 (52... Qxd3 $14 53. Rxd3 Bc8) 53. gxf4 $18 gxf4 (53... g4 $142) 54. Ne4 Qe7 {[#]} 55. Nexd6 $1 {[%mdl 512]} Qg7 (55... Bb8 $142 56. Qg6+ Qg7 57. Qxg7+ Kxg7) (55... Bxd6 56. Qg6+) 56. Ne4 Bd8 57. d6 (57. Nxc5 $142 Rf5 58. Nxd7 Qxd7 59. d6) 57... Rf5 $2 (57... Bc6 58. a5 (58. Nxc5 Bxf3 59. Qxf3 Bh4 $18) 58... Qd4) 58. g4 fxg3+ 59. Rxg3 Bg5 60. Nxg5 hxg5 61. Rf3 Qf6 62. Rxf5 Bxf5 63. Qe3 Be6 64. Ne5 Kf8 65. a5 Ke8 66. a6 Kd8 67. Nc6+ Kd7 {[#]} 68. a7 $1 Qb2+ 69. Kg3 {White mates.} Qa3 70. Qf3 Qa1 71. Nb8+ Kxd6 72. a8=Q Qe5+ 73. Kg2 Bd5 74. Qaxd5+ Qxd5 75. Qxd5+ Kxd5 {Precision: White = 72%, Black = 45%.} 1-0